Aspectos medico-cientificos de la homosexualidad /

-д хадгалсан:
Номзүйн дэлгэрэнгүй
Үндсэн зохиолч: Farre i Marti, Josep Maria (Зохиогч)
Формат: Ном
Хэл сонгох:испани
Хэвлэсэн: Barcelona : Instituto Lambda, [1976?]
Цуврал:Temas monograficos de sexologia ; 1
Шошгууд: Шошго нэмэх
Шошго байхгүй, Энэхүү баримтыг шошголох эхний хүн болох!

MARC

LEADER 00000nam a22000007i 4500
001 IT\ICCU\UBO\3546113
003 ItRI
005 20260115231843.0
008 081218s1976 sp |||||| ||||| |||||c
020 |b (Err.)  |z 8440018280  |b (Err.) 
040 |b ita  |c importazione bologna sebina 
041 7 |a spa  |2 ISO-639-2 
100 1 |a Farre i Marti, Josep Maria  |0 IT\ICCU\UBOV\297560  |4 aut 
245 1 0 |a Aspectos medico-cientificos de la homosexualidad /  |c Josep M. Farrè i Marti. 
260 |a Barcelona :  |b Instituto Lambda,  |c [1976?] 
300 |a 16 p. ;  |c 21 cm. 
830 0 |a Temas monograficos de sexologia ;  |v 1  |0 IT\ICCU\UBO\3546115 
942 |2 ddc  |c BK  |n 0 
952 |0 0  |1 0  |4 0  |6 DOC_306_766000000000000_FAR  |7 0  |9 14331  |a BO  |b BO  |d 2026-01-15  |i 1573  |l 0  |o DOC 306.766 FAR  |p BO1573  |r 2026-01-15 23:18:43  |w 2026-01-15  |x [Sebina 7] [1 v.]  |y BK  |z 1 v. 
999 |c 12368  |d 12368